Understanding Pharmacy Calculations (Record no. 6138)

MARC details
000 -LEADER
fixed length control field 00468nam a22001817a 4500
003 - CONTROL NUMBER IDENTIFIER
control field OSt
005 - DATE AND TIME OF LATEST TRANSACTION
control field 20180928182825.0
008 - FIXED-LENGTH DATA ELEMENTS--GENERAL INFORMATION
fixed length control field 180928b xxu||||| |||| 00| 0 eng d
020 ## - INTERNATIONAL STANDARD BOOK NUMBER
International Standard Book Number 1582120331
040 ## - CATALOGING SOURCE
Transcribing agency DNLM
082 ## - DEWEY DECIMAL CLASSIFICATION NUMBER
Classification number QV18.2 S56u 2002
100 ## - MAIN ENTRY--PERSONAL NAME
Personal name O'sullivan, Teresa
9 (RLIN) 12687
245 ## - TITLE STATEMENT
Title Understanding Pharmacy Calculations
260 ## - PUBLICATION, DISTRIBUTION, ETC. (IMPRINT)
Place of publication, distribution, etc. Washington; Apha, 2002
300 ## - PHYSICAL DESCRIPTION
Extent x,309p; ill: 27cm
650 ## - SUBJECT ADDED ENTRY--TOPICAL TERM
Topical term or geographic name as entry element Pharmacy calculation
9 (RLIN) 12688
942 ## - ADDED ENTRY ELEMENTS (KOHA)
Source of classification or shelving scheme Other/Generic Classification Scheme
Koha item type Short Loan
Holdings
Withdrawn status Lost status Source of classification or shelving scheme Damaged status Not for loan Home library Current library Date acquired Source of acquisition Inventory number Total Checkouts Full call number Barcode Date last seen Koha item type
    Other/Generic Classification Scheme     Pharmacy Department Library Pharmacy Department Library 28/09/2018   11/00214   QV18.2 S56u 2002 2018-0333 28/09/2018 Short Loan
    Other/Generic Classification Scheme     Pharmacy Department Library Pharmacy Department Library 28/09/2018   11/00215   QV18.2 S56u 2002 2018-0334 28/09/2018 Short Loan